[Event "DEM U12w 2024"]
[Site "Willingen GER"]
[Date "2024.05.22"]
[Round "6"]
[White "Bayer, Klara"]
[Black "Weyerer, Elea"]
[Result "1-0"]
[Termination "normal"]
[Board "17"]
[WhiteElo "1261"]
[BlackElo "1507"]
[WhiteClock "00:50:55"]
[BlackClock "01:09:14"]
[PlyCount "121"]
[WhiteFideId "34658955"]
[BlackFideId "34605770"]
[EventCountry "GER"]
[EventRounds "9"]
[EventType "swiss"]
[EventDate "2024.05.18"]

1. d4 {[%clk 01:30:57]} {[%emt 00:00:02]} d6 {[%clk 01:30:53]} {[%emt
00:00:07]} 2. e4 {[%clk 01:30:36]} {[%emt 00:00:51]} Nf6 {[%clk 01:31:16]}
{[%emt 00:00:07]} 3. Nc3 {[%clk 01:30:22]} {[%emt 00:00:44]} g6 {[%clk
01:31:31]} {[%emt 00:00:15]} 4. Bf4 {[%clk 01:30:03]} {[%emt 00:00:49]} Bg7
{[%clk 01:31:41]} {[%emt 00:00:20]} 5. Qd2 {[%clk 01:28:52]} {[%emt 00:01:41]}
c6 {[%clk 01:31:50]} {[%emt 00:00:22]} 6. Nf3 {[%clk 01:28:09]} {[%emt
00:01:13]} Nbd7 {[%clk 01:31:53]} {[%emt 00:00:26]} 7. Be2 {[%clk 01:26:47]}
{[%emt 00:01:51]} b5 {[%clk 01:31:28]} {[%emt 00:00:56]} 8. h3 {[%clk
01:21:05]} {[%emt 00:06:13]} Qa5 {[%clk 01:30:56]} {[%emt 00:01:01]} 9. Bd3
{[%clk 01:17:03]} {[%emt 00:04:32]} b4 {[%clk 01:27:47]} {[%emt 00:03:39]} 10.
Ne2 {[%clk 01:16:24]} {[%emt 00:01:09]} e5 {[%clk 01:26:44]} {[%emt 00:01:33]}
11. Bh2 {[%clk 01:13:33]} {[%emt 00:03:21]} Rb8 {[%clk 01:24:50]} {[%emt
00:02:24]} 12. O-O {[%clk 01:10:55]} {[%emt 00:03:08]} Qb6 {[%clk 01:24:00]}
{[%emt 00:01:18]} 13. dxe5 {[%clk 01:07:48]} {[%emt 00:03:39]} dxe5 {[%clk
01:24:22]} {[%emt 00:00:09]} 14. Nxe5 {[%clk 01:08:02]} {[%emt 00:00:15]} Nxe5
{[%clk 01:23:34]} {[%emt 00:01:18]} 15. Bxe5 {[%clk 01:08:21]} {[%emt
00:00:11]} Nxe4 {[%clk 01:21:33]} {[%emt 00:02:31]} 16. Qf4 {[%clk 01:07:17]}
{[%emt 00:01:34]} Nf6 {[%clk 01:12:54]} {[%emt 00:09:10]} 17. Bxb8 {[%clk
01:04:46]} {[%emt 00:03:01]} O-O {[%clk 01:12:12]} {[%emt 00:01:12]} 18. Qc7
{[%clk 01:04:06]} {[%emt 00:01:09]} Qc5 {[%clk 01:09:52]} {[%emt 00:02:46]} 19.
Bxa7 {[%clk 01:02:57]} {[%emt 00:01:44]} Qg5 {[%clk 01:08:51]} {[%emt
00:01:29]} 20. Be3 {[%clk 01:02:05]} {[%emt 00:01:22]} Qd5 {[%clk 01:08:08]}
{[%emt 00:01:10]} 21. Nf4 {[%clk 01:01:38]} {[%emt 00:01:02]} Qd7 {[%clk
01:07:30]} {[%emt 00:01:05]} 22. Qxd7 {[%clk 01:01:40]} {[%emt 00:00:31]} Bxd7
{[%clk 01:07:49]} {[%emt 00:00:10]} 23. Bc5 {[%clk 01:01:03]} {[%emt 00:01:07]}
Rd8 {[%clk 01:07:26]} {[%emt 00:00:52]} 24. Bxb4 {[%clk 00:59:18]} {[%emt
00:02:16]} Nd5 {[%clk 01:07:12]} {[%emt 00:00:45]} 25. Nxd5 {[%clk 00:59:18]}
{[%emt 00:00:29]} cxd5 {[%clk 01:07:32]} {[%emt 00:00:11]} 26. Rab1 {[%clk
00:59:09]} {[%emt 00:00:39]} Rb8 {[%clk 01:07:40]} {[%emt 00:00:20]} 27. a3
{[%clk 00:58:11]} {[%emt 00:01:31]} Be6 {[%clk 01:07:03]} {[%emt 00:01:05]} 28.
Rfe1 {[%clk 00:57:02]} {[%emt 00:01:40]} Rd8 {[%clk 01:06:07]} {[%emt
00:01:23]} 29. b3 {[%clk 00:52:33]} {[%emt 00:05:01]} Rc8 {[%clk 01:05:38]}
{[%emt 00:00:56]} 30. a4 {[%clk 00:51:24]} {[%emt 00:01:43]} Ra8 {[%clk
01:05:37]} {[%emt 00:00:27]} 31. Ba3 {[%clk 00:49:58]} {[%emt 00:02:00]} Bd7
{[%clk 01:05:40]} {[%emt 00:00:23]} 32. Bb2 {[%clk 00:49:08]} {[%emt 00:01:24]}
Bxb2 {[%clk 01:05:37]} {[%emt 00:00:33]} 33. Rxb2 {[%clk 00:49:28]} {[%emt
00:00:10]} Rb8 {[%clk 01:06:00]} {[%emt 00:00:04]} 34. Rbb1 {[%clk 00:49:38]}
{[%emt 00:00:23]} d4 {[%clk 01:05:47]} {[%emt 00:00:41]} 35. Rbd1 {[%clk
00:49:01]} {[%emt 00:01:08]} Rb4 {[%clk 01:05:53]} {[%emt 00:00:24]} 36. Bc4
{[%clk 00:48:53]} {[%emt 00:00:38]} Bf5 {[%clk 01:05:36]} {[%emt 00:00:44]} 37.
Rxd4 {[%clk 00:49:09]} {[%emt 00:00:17]} Rb8 {[%clk 01:05:44]} {[%emt
00:00:17]} 38. Re7 {[%clk 00:48:00]} {[%emt 00:01:44]} Rf8 {[%clk 01:05:37]}
{[%emt 00:00:38]} 39. Rd2 {[%clk 00:47:04]} {[%emt 00:01:25]} h6 {[%clk
01:05:33]} {[%emt 00:00:34]} 40. Rde2 {[%clk 00:47:06]} {[%emt 00:00:28]} Kg7
{[%clk 01:05:22]} {[%emt 00:00:37]} 41. c3 {[%clk 00:46:36]} {[%emt 00:01:04]}
g5 {[%clk 01:04:37]} {[%emt 00:01:15]} 42. Re8 {[%clk 00:45:57]} {[%emt
00:01:09]} Rxe8 {[%clk 01:04:45]} {[%emt 00:00:22]} 43. Rxe8 {[%clk 00:46:15]}
{[%emt 00:00:13]} Kf6 {[%clk 01:04:38]} {[%emt 00:00:34]} 44. a5 {[%clk
00:46:31]} {[%emt 00:00:16]} Bd7 {[%clk 01:04:46]} {[%emt 00:00:19]} 45. Rh8
{[%clk 00:46:43]} {[%emt 00:00:21]} Kg7 {[%clk 01:05:07]} {[%emt 00:00:09]} 46.
Rd8 {[%clk 00:47:06]} {[%emt 00:00:08]} Bc6 {[%clk 01:05:25]} {[%emt 00:00:11]}
47. b4 {[%clk 00:47:18]} {[%emt 00:00:19]} Bb7 {[%clk 01:05:22]} {[%emt
00:00:13]} 48. a6 {[%clk 00:47:40]} {[%emt 00:00:28]} Bc6 {[%clk 01:05:41]}
{[%emt 00:00:11]} 49. b5 {[%clk 00:47:57]} {[%emt 00:00:13]} Be4 {[%clk
01:06:00]} {[%emt 00:00:09]} 50. Bd5 {[%clk 00:48:13]} {[%emt 00:00:15]} Bd3
{[%clk 01:06:20]} {[%emt 00:00:10]} 51. c4 {[%clk 00:48:31]} {[%emt 00:00:13]}
h5 {[%clk 01:06:21]} {[%emt 00:00:28]} 52. a7 {[%clk 00:48:53]} {[%emt
00:00:08]} Kg6 {[%clk 01:06:40]} {[%emt 00:00:11]} 53. Bxf7+ {[%clk 00:49:08]}
{[%emt 00:00:17]} Kxf7 {[%clk 01:07:01]} {[%emt 00:00:08]} 54. Rxd3 {[%clk
00:49:23]} {[%emt 00:00:15]} Kf6 {[%clk 01:07:23]} {[%emt 00:00:08]} 55. a8=Q
{[%clk 00:49:40]} {[%emt 00:00:12]} g4 {[%clk 01:07:43]} {[%emt 00:00:10]} 56.
hxg4 {[%clk 00:49:50]} {[%emt 00:00:20]} hxg4 {[%clk 01:08:05]} {[%emt
00:00:09]} 57. Qe8 {[%clk 00:50:11]} {[%emt 00:00:08]} g3 {[%clk 01:08:28]}
{[%emt 00:00:07]} 58. Rf3+ {[%clk 00:50:34]} {[%emt 00:00:07]} Kg5 {[%clk
01:08:48]} {[%emt 00:00:09]} 59. Qg8+ {[%clk 00:50:52]} {[%emt 00:00:13]} Kh5
{[%clk 01:08:54]} {[%emt 00:00:23]} 60. Rxg3 {[%clk 00:50:55]} {[%emt
00:00:28]} Kh4 {[%clk 01:09:14]} {[%emt 00:00:10]} 61. Qh7# {[%emt 00:00:21]}
1-0

[Event "DEM U12w 2024"]
[Site "Willingen GER"]
[Date "2024.05.22"]
[Round "6"]
[White "Ali, Maha"]
[Black "Birkenheier, Larissa"]
[Result "1/2-1/2"]
[Termination "normal"]
[Board "18"]
[WhiteElo "1667"]
[BlackElo "1501"]
[WhiteClock "00:47:25"]
[BlackClock "00:29:57"]
[PlyCount "64"]
[WhiteFideId "34626581"]
[BlackFideId "34626379"]
[EventCountry "GER"]
[EventRounds "9"]
[EventType "swiss"]
[EventDate "2024.05.18"]

1. d4 {[%clk 01:30:57]} {[%emt 00:00:02]} d5 {[%clk 01:30:44]} {[%emt
00:00:16]} 2. c4 {[%clk 01:31:20]} {[%emt 00:00:08]} c6 {[%clk 01:30:43]}
{[%emt 00:00:31]} 3. Nc3 {[%clk 01:31:22]} {[%emt 00:00:28]} Nf6 {[%clk
01:30:39]} {[%emt 00:00:34]} 4. e3 {[%clk 01:31:10]} {[%emt 00:00:42]} e6
{[%clk 01:30:12]} {[%emt 00:00:57]} 5. Nf3 {[%clk 01:31:13]} {[%emt 00:00:28]}
Nbd7 {[%clk 01:29:20]} {[%emt 00:01:21]} 6. Qc2 {[%clk 01:30:53]} {[%emt
00:00:50]} Bd6 {[%clk 01:27:48]} {[%emt 00:02:01]} 7. Be2 {[%clk 01:31:13]}
{[%emt 00:00:11]} O-O {[%clk 01:26:03]} {[%emt 00:02:14]} 8. O-O {[%clk
01:31:16]} {[%emt 00:00:27]} dxc4 {[%clk 01:20:26]} {[%emt 00:06:08]} 9. Bxc4
{[%clk 01:29:42]} {[%emt 00:02:05]} b5 {[%clk 01:19:12]} {[%emt 00:01:42]} 10.
Bd3 {[%clk 01:29:52]} {[%emt 00:00:21]} a6 {[%clk 01:16:10]} {[%emt 00:03:31]}
11. Ne4 {[%clk 01:28:15]} {[%emt 00:02:08]} Qc7 {[%clk 01:13:11]} {[%emt
00:03:24]} 12. Nxd6 {[%clk 01:27:20]} {[%emt 00:01:30]} Qxd6 {[%clk 01:13:03]}
{[%emt 00:00:38]} 13. Ng5 {[%clk 01:25:32]} {[%emt 00:02:18]} h6 {[%clk
01:07:15]} {[%emt 00:06:16]} 14. Nf3 {[%clk 01:23:18]} {[%emt 00:02:45]} Bb7
{[%clk 01:03:21]} {[%emt 00:04:23]} 15. h3 {[%clk 01:18:15]} {[%emt 00:05:34]}
Rac8 {[%clk 01:01:13]} {[%emt 00:02:36]} 16. b3 {[%clk 01:14:51]} {[%emt
00:03:57]} c5 {[%clk 01:00:08]} {[%emt 00:01:34]} 17. Qe2 {[%clk 01:14:00]}
{[%emt 00:01:22]} Ne4 {[%clk 00:50:54]} {[%emt 00:09:42]} 18. Bb2 {[%clk
01:08:22]} {[%emt 00:06:10]} Rc7 {[%clk 00:42:53]} {[%emt 00:08:29]} 19. dxc5
{[%clk 01:03:57]} {[%emt 00:04:58]} Ndxc5 {[%clk 00:40:49]} {[%emt 00:02:33]}
20. Bxe4 {[%clk 01:00:58]} {[%emt 00:03:29]} Bxe4 {[%clk 00:39:42]} {[%emt
00:01:36]} 21. Be5 {[%clk 00:56:52]} {[%emt 00:04:37]} Bxf3 {[%clk 00:37:39]}
{[%emt 00:02:33]} 22. Bxd6 {[%clk 00:56:31]} {[%emt 00:00:51]} Bxe2 {[%clk
00:37:17]} {[%emt 00:00:52]} 23. Bxc7 {[%clk 00:56:39]} {[%emt 00:00:22]} Bxf1
{[%clk 00:37:34]} {[%emt 00:00:13]} 24. Kxf1 {[%clk 00:56:44]} {[%emt
00:00:25]} Rc8 {[%clk 00:36:52]} {[%emt 00:01:11]} 25. Ba5 {[%clk 00:55:41]}
{[%emt 00:01:34]} Nb7 {[%clk 00:36:30]} {[%emt 00:00:51]} 26. Bd2 {[%clk
00:55:37]} {[%emt 00:00:36]} Rc2 {[%clk 00:36:25]} {[%emt 00:00:33]} 27. Ke2
{[%clk 00:55:40]} {[%emt 00:00:27]} Nc5 {[%clk 00:35:42]} {[%emt 00:01:13]} 28.
Kd1 {[%clk 00:55:39]} {[%emt 00:00:32]} Rb2 {[%clk 00:34:51]} {[%emt 00:01:19]}
29. Rc1 {[%clk 00:47:22]} {[%emt 00:08:48]} Ne4 {[%clk 00:33:52]} {[%emt
00:01:28]} 30. Rc2 {[%clk 00:47:14]} {[%emt 00:00:40]} Nxf2+ {[%clk 00:33:45]}
{[%emt 00:00:37]} 31. Kc1 {[%clk 00:47:09]} {[%emt 00:00:35]} Nd3+ {[%clk
00:33:58]} {[%emt 00:00:17]} 32. Kd1 {[%clk 00:47:25]} {[%emt 00:00:14]} Nf2+
{[%clk 00:29:57]} {[%emt 00:04:30]} 1/2-1/2

[Event "DEM U12w 2024"]
[Site "Willingen GER"]
[Date "2024.05.22"]
[Round "6"]
[White "Briese, Sophie"]
[Black "Nönnig, Lotte"]
[Result "0-1"]
[Termination "normal"]
[Board "19"]
[WhiteElo "1475"]
[BlackElo "1647"]
[WhiteClock "00:41:32"]
[BlackClock "00:13:37"]
[PlyCount "66"]
[WhiteFideId "34660305"]
[BlackFideId "34611509"]
[EventCountry "GER"]
[EventRounds "9"]
[EventType "swiss"]
[EventDate "2024.05.18"]

1. e4 {[%clk 01:30:57]} {[%emt 00:00:02]} e5 {[%clk 01:30:49]} {[%emt
00:00:12]} 2. Nf3 {[%clk 01:31:22]} {[%emt 00:00:05]} Nc6 {[%clk 01:31:09]}
{[%emt 00:00:10]} 3. d4 {[%clk 01:31:39]} {[%emt 00:00:13]} exd4 {[%clk
01:30:58]} {[%emt 00:00:42]} 4. Bc4 {[%clk 01:32:01]} {[%emt 00:00:07]} Nf6
{[%clk 01:29:39]} {[%emt 00:01:49]} 5. e5 {[%clk 01:32:23]} {[%emt 00:00:08]}
d5 {[%clk 01:28:48]} {[%emt 00:01:21]} 6. Bb5 {[%clk 01:32:33]} {[%emt
00:00:21]} Nd7 {[%clk 01:22:35]} {[%emt 00:06:42]} 7. O-O {[%clk 01:27:51]}
{[%emt 00:05:12]} Bc5 {[%clk 01:11:05]} {[%emt 00:12:01]} 8. Bxc6 {[%clk
01:25:50]} {[%emt 00:02:30]} bxc6 {[%clk 01:11:08]} {[%emt 00:00:28]} 9. Nxd4
{[%clk 01:25:41]} {[%emt 00:00:38]} Bb7 {[%clk 01:09:06]} {[%emt 00:02:33]} 10.
Nf5 {[%clk 01:14:11]} {[%emt 00:12:00]} O-O {[%clk 01:04:40]} {[%emt 00:04:56]}
11. Qg4 {[%clk 01:11:46]} {[%emt 00:02:52]} g6 {[%clk 01:01:22]} {[%emt
00:03:50]} 12. Re1 {[%clk 01:10:18]} {[%emt 00:01:58]} Re8 {[%clk 00:49:59]}
{[%emt 00:11:54]} 13. Qf4 {[%clk 01:06:30]} {[%emt 00:04:15]} gxf5 {[%clk
00:42:55]} {[%emt 00:07:36]} 14. Qg3+ {[%clk 01:05:53]} {[%emt 00:01:07]} Kh8
{[%clk 00:42:18]} {[%emt 00:01:07]} 15. Nd2 {[%clk 00:59:56]} {[%emt 00:06:27]}
Rg8 {[%clk 00:37:29]} {[%emt 00:05:19]} 16. Qh3 {[%clk 00:59:59]} {[%emt
00:00:18]} Qg5 {[%clk 00:32:08]} {[%emt 00:05:59]} 17. Nf3 {[%clk 00:57:24]}
{[%emt 00:03:05]} Qg4 {[%clk 00:31:12]} {[%emt 00:01:25]} 18. Qxg4 {[%clk
00:56:15]} {[%emt 00:01:41]} fxg4 {[%clk 00:30:10]} {[%emt 00:01:32]} 19. Ng5
{[%clk 00:56:06]} {[%emt 00:00:36]} Raf8 {[%clk 00:28:39]} {[%emt 00:02:04]}
20. Bd2 {[%clk 00:52:06]} {[%emt 00:04:29]} Nb6 {[%clk 00:23:46]} {[%emt
00:05:24]} 21. e6 {[%clk 00:50:16]} {[%emt 00:02:19]} fxe6 {[%clk 00:17:54]}
{[%emt 00:06:22]} 22. Bc3+ {[%clk 00:48:16]} {[%emt 00:02:31]} d4 {[%clk
00:16:30]} {[%emt 00:01:54]} 23. Nxe6 {[%clk 00:47:53]} {[%emt 00:00:53]} dxc3
{[%clk 00:15:50]} {[%emt 00:01:11]} 24. Nxc5 {[%clk 00:47:38]} {[%emt
00:00:44]} cxb2 {[%clk 00:15:21]} {[%emt 00:01:00]} 25. Rab1 {[%clk 00:47:52]}
{[%emt 00:00:16]} Bc8 {[%clk 00:15:16]} {[%emt 00:00:31]} 26. Rxb2 {[%clk
00:48:08]} {[%emt 00:00:17]} Bf5 {[%clk 00:15:11]} {[%emt 00:00:35]} 27. Ne6
{[%clk 00:47:04]} {[%emt 00:01:33]} Re8 {[%clk 00:14:54]} {[%emt 00:00:47]} 28.
Rb4 {[%clk 00:43:47]} {[%emt 00:03:47]} Rxe6 {[%clk 00:14:53]} {[%emt
00:00:32]} 29. Rxe6 {[%clk 00:43:51]} {[%emt 00:00:26]} Bxe6 {[%clk 00:15:15]}
{[%emt 00:00:08]} 30. a4 {[%clk 00:43:24]} {[%emt 00:00:56]} a5 {[%clk
00:14:56]} {[%emt 00:00:50]} 31. Re4 {[%clk 00:43:31]} {[%emt 00:00:19]} Bf5
{[%clk 00:14:29]} {[%emt 00:01:02]} 32. Re7 {[%emt 00:00:33]} Bxc2 {[%clk
00:13:37]} {[%emt 00:01:20]} 33. Rxc7 {[%clk 00:41:32]} {[%emt 00:02:27]} Bxa4
{[%clk 00:13:37]} {[%emt 00:00:30]} 0-1

[Event "DEM U12w 2024"]
[Site "Willingen GER"]
[Date "2024.05.22"]
[Round "6"]
[White "Döscher, Nayla"]
[Black "Guliyeva, Zahra"]
[Result "1-0"]
[Termination "normal"]
[Board "20"]
[WhiteElo "1564"]
[BlackElo "1093"]
[WhiteClock "00:22:56"]
[BlackClock "00:41:06"]
[PlyCount "87"]
[WhiteFideId "34625046"]
[BlackFideId "34630198"]
[EventCountry "GER"]
[EventRounds "9"]
[EventType "swiss"]
[EventDate "2024.05.18"]

1. e4 {[%clk 01:30:59]} {[%emt 02:03:33]} e5 {[%clk 01:30:57]} {[%emt
00:00:05]} 2. Nf3 {[%clk 01:31:17]} {[%emt 00:00:11]} d6 {[%clk 01:31:22]}
{[%emt 00:00:05]} 3. d4 {[%clk 01:30:38]} {[%emt 00:01:09]} f6 {[%clk
01:26:58]} {[%emt 00:04:53]} 4. Nc3 {[%clk 01:27:13]} {[%emt 00:03:55]} c6
{[%clk 01:19:07]} {[%emt 00:08:22]} 5. Be2 {[%clk 01:18:40]} {[%emt 00:09:03]}
Nd7 {[%clk 01:13:00]} {[%emt 00:06:38]} 6. O-O {[%clk 01:15:16]} {[%emt
00:03:53]} Be7 {[%clk 01:03:02]} {[%emt 00:10:28]} 7. Re1 {[%clk 01:07:20]}
{[%emt 00:08:26]} exd4 {[%clk 01:00:32]} {[%emt 00:03:00]} 8. Nxd4 {[%clk
01:01:52]} {[%emt 00:05:58]} Ne5 {[%clk 00:58:56]} {[%emt 00:02:07]} 9. f4
{[%clk 00:53:21]} {[%emt 00:08:59]} c5 {[%clk 00:58:30]} {[%emt 00:00:56]} 10.
Nf5 {[%clk 00:49:37]} {[%emt 00:04:14]} Bxf5 {[%clk 00:57:24]} {[%emt
00:01:37]} 11. exf5 {[%clk 00:49:32]} {[%emt 00:00:35]} Nc6 {[%clk 00:56:47]}
{[%emt 00:01:07]} 12. Bb5 {[%clk 00:44:49]} {[%emt 00:05:13]} Qd7 {[%clk
00:56:31]} {[%emt 00:00:46]} 13. Nd5 {[%clk 00:39:17]} {[%emt 00:06:02]} O-O-O
{[%clk 00:52:21]} {[%emt 00:04:40]} 14. b4 {[%clk 00:34:06]} {[%emt 00:05:41]}
cxb4 {[%clk 00:51:02]} {[%emt 00:01:49]} 15. Nxb4 {[%clk 00:33:58]} {[%emt
00:00:38]} Qxf5 {[%clk 00:50:56]} {[%emt 00:00:36]} 16. Bxc6 {[%clk 00:33:14]}
{[%emt 00:01:15]} bxc6 {[%clk 00:51:11]} {[%emt 00:00:14]} 17. Nxc6 {[%clk
00:33:24]} {[%emt 00:00:20]} Qc5+ {[%clk 00:50:44]} {[%emt 00:00:57]} 18. Nd4
{[%clk 00:33:03]} {[%emt 00:00:51]} f5 {[%clk 00:50:32]} {[%emt 00:00:42]} 19.
Be3 {[%clk 00:32:20]} {[%emt 00:01:13]} Qd5 {[%clk 00:45:22]} {[%emt 00:05:40]}
20. Qd3 {[%clk 00:29:35]} {[%emt 00:03:15]} Bf6 {[%clk 00:43:05]} {[%emt
00:02:48]} 21. Rad1 {[%clk 00:25:03]} {[%emt 00:05:01]} Bxd4 {[%clk 00:39:50]}
{[%emt 00:03:45]} 22. Bxd4 {[%clk 00:25:16]} {[%emt 00:00:17]} Nf6 {[%clk
00:39:55]} {[%emt 00:00:26]} 23. c4 {[%clk 00:24:44]} {[%emt 00:01:01]} Qa5
{[%clk 00:39:44]} {[%emt 00:00:40]} 24. Re7 {[%clk 00:23:30]} {[%emt 00:01:42]}
Rde8 {[%clk 00:39:08]} {[%emt 00:01:08]} 25. Rxa7 {[%clk 00:21:45]} {[%emt
00:02:16]} Re1+ {[%clk 00:38:24]} {[%emt 00:01:13]} 26. Rxe1 {[%clk 00:22:06]}
{[%emt 00:00:10]} Qxe1+ {[%clk 00:38:44]} {[%emt 00:00:10]} 27. Qf1 {[%clk
00:22:14]} {[%emt 00:00:21]} Qxf1+ {[%clk 00:38:54]} {[%emt 00:00:21]} 28. Kxf1
{[%clk 00:22:35]} {[%emt 00:00:09]} Re8 {[%clk 00:38:07]} {[%emt 00:01:12]} 29.
Bxf6 {[%clk 00:21:39]} {[%emt 00:01:31]} gxf6 {[%clk 00:38:22]} {[%emt
00:00:14]} 30. Ra8+ {[%clk 00:20:55]} {[%emt 00:01:15]} Kd7 {[%clk 00:38:47]}
{[%emt 00:00:05]} 31. Rxe8 {[%clk 00:21:15]} {[%emt 00:00:10]} Kxe8 {[%clk
00:39:13]} {[%emt 00:00:05]} 32. a4 {[%clk 00:20:52]} {[%emt 00:00:52]} Kd7
{[%clk 00:39:32]} {[%emt 00:00:10]} 33. Ke2 {[%clk 00:21:12]} {[%emt 00:00:11]}
Kc6 {[%clk 00:39:59]} {[%emt 00:00:03]} 34. Kd3 {[%clk 00:20:23]} {[%emt
00:01:19]} Kb6 {[%clk 00:40:08]} {[%emt 00:00:22]} 35. Kd4 {[%clk 00:20:17]}
{[%emt 00:00:35]} Ka5 {[%clk 00:39:20]} {[%emt 00:01:17]} 36. Kd5 {[%clk
00:20:33]} {[%emt 00:00:14]} Kxa4 {[%clk 00:39:45]} {[%emt 00:00:06]} 37. Kxd6
{[%clk 00:20:50]} {[%emt 00:00:13]} Kb4 {[%clk 00:39:42]} {[%emt 00:00:32]} 38.
c5 {[%clk 00:21:11]} {[%emt 00:00:10]} Kb5 {[%clk 00:40:03]} {[%emt 00:00:10]}
39. c6 {[%clk 00:21:27]} {[%emt 00:00:13]} Kb6 {[%clk 00:40:27]} {[%emt
00:00:06]} 40. c7 {[%clk 00:21:44]} {[%emt 00:00:12]} Kb7 {[%clk 00:40:55]}
{[%emt 00:00:02]} 41. Kd7 {[%clk 00:22:04]} {[%emt 00:00:10]} Ka7 {[%clk
00:40:33]} {[%emt 00:00:53]} 42. c8=Q {[%clk 00:22:25]} {[%emt 00:00:09]} h5
{[%clk 00:40:53]} {[%emt 00:00:10]} 43. Kc6 {[%clk 00:22:30]} {[%emt 00:00:23]}
h4 {[%clk 00:41:06]} {[%emt 00:00:18]} 44. Qb7# {[%clk 00:22:56]} {[%emt
00:00:04]} 1-0

[Event "DEM U12w 2024"]
[Site "Willingen GER"]
[Date "2024.05.22"]
[Round "6"]
[White "Haidekker, Ailis"]
[Black "Jamalli, Malak"]
[Result "1-0"]
[Termination "normal"]
[Board "22"]
[WhiteElo "1224"]
[BlackElo "1197"]
[WhiteClock "00:55:52"]
[BlackClock "00:54:39"]
[PlyCount "61"]
[WhiteFideId "34649263"]
[BlackFideId "533000689"]
[EventCountry "GER"]
[EventRounds "9"]
[EventType "swiss"]
[EventDate "2024.05.18"]

1. e4 {[%clk 01:30:59]} {[%emt 00:00:01]} e5 {[%clk 01:30:52]} {[%emt
00:00:08]} 2. Nf3 {[%clk 01:31:25]} {[%emt 00:00:03]} Nc6 {[%clk 01:31:15]}
{[%emt 00:00:08]} 3. Bc4 {[%clk 01:31:51]} {[%emt 00:00:04]} Bc5 {[%clk
01:31:31]} {[%emt 00:00:13]} 4. c3 {[%clk 01:32:15]} {[%emt 00:00:07]} Nf6
{[%clk 01:30:50]} {[%emt 00:01:11]} 5. d4 {[%clk 01:32:38]} {[%emt 00:00:07]}
exd4 {[%clk 01:30:10]} {[%emt 00:01:10]} 6. e5 {[%clk 01:32:57]} {[%emt
00:00:11]} Qe7 {[%clk 01:26:51]} {[%emt 00:03:50]} 7. cxd4 {[%clk 01:32:37]}
{[%emt 00:00:49]} d5 {[%clk 01:24:16]} {[%emt 00:03:05]} 8. Bb5 {[%clk
01:31:35]} {[%emt 00:01:32]} a6 {[%clk 01:23:15]} {[%emt 00:01:31]} 9. Bxc6+
{[%clk 01:31:48]} {[%emt 00:00:16]} bxc6 {[%clk 01:23:30]} {[%emt 00:00:16]}
10. dxc5 {[%clk 01:32:01]} {[%emt 00:00:17]} O-O {[%clk 01:22:28]} {[%emt
00:01:32]} 11. O-O {[%clk 01:31:49]} {[%emt 00:00:42]} Ng4 {[%clk 01:21:14]}
{[%emt 00:01:44]} 12. Bf4 {[%clk 01:30:02]} {[%emt 00:02:16]} Qe6 {[%clk
01:18:11]} {[%emt 00:03:34]} 13. h3 {[%clk 01:29:14]} {[%emt 00:01:17]} Nh6
{[%clk 01:18:08]} {[%emt 00:00:33]} 14. Nc3 {[%clk 01:27:12]} {[%emt 00:02:33]}
Nf5 {[%clk 01:14:35]} {[%emt 00:04:03]} 15. Ne2 {[%clk 01:24:36]} {[%emt
00:03:05]} Qg6 {[%clk 01:11:49]} {[%emt 00:03:17]} 16. Ng3 {[%clk 01:23:56]}
{[%emt 00:01:10]} Nh6 {[%clk 01:07:04]} {[%emt 00:05:14]} 17. Nh4 {[%clk
01:16:34]} {[%emt 00:07:52]} Qe6 {[%clk 01:06:01]} {[%emt 00:01:33]} 18. Qh5
{[%clk 01:15:09]} {[%emt 00:01:55]} Rb8 {[%clk 01:02:25]} {[%emt 00:04:07]} 19.
b3 {[%clk 01:08:38]} {[%emt 00:07:01]} Rb5 {[%clk 01:02:03]} {[%emt 00:00:53]}
20. Rac1 {[%clk 01:04:33]} {[%emt 00:04:34]} Rb4 {[%clk 01:01:41]} {[%emt
00:00:52]} 21. Bxh6 {[%clk 01:01:03]} {[%emt 00:03:59]} Qxh6 {[%clk 01:01:56]}
{[%emt 00:00:17]} 22. Qxh6 {[%clk 01:01:02]} {[%emt 00:00:30]} gxh6 {[%clk
01:02:07]} {[%emt 00:00:19]} 23. Nhf5 {[%clk 01:00:21]} {[%emt 00:01:11]} Be6
{[%clk 01:00:09]} {[%emt 00:02:28]} 24. Nxh6+ {[%clk 00:58:59]} {[%emt
00:01:52]} Kg7 {[%clk 00:57:44]} {[%emt 00:02:55]} 25. Nhf5+ {[%clk 00:56:36]}
{[%emt 00:02:52]} Kg8 {[%clk 00:55:59]} {[%emt 00:02:16]} 26. Ne7+ {[%clk
00:56:45]} {[%emt 00:00:20]} Kg7 {[%clk 00:55:50]} {[%emt 00:00:40]} 27. Nxc6
{[%clk 00:55:48]} {[%emt 00:01:27]} Rh4 {[%clk 00:54:37]} {[%emt 00:01:42]} 28.
Ne7 {[%clk 00:55:33]} {[%emt 00:00:45]} Rf4 {[%clk 00:54:24]} {[%emt 00:00:43]}
29. Nh5+ {[%clk 00:55:44]} {[%emt 00:00:19]} Kh6 {[%clk 00:54:31]} {[%emt
00:00:24]} 30. Nxf4 {[%clk 00:56:05]} {[%emt 00:00:08]} Bd7 {[%clk 00:54:39]}
{[%emt 00:00:23]} 31. Nexd5 {[%clk 00:55:52]} {[%emt 00:00:43]} 1-0